| 000 | 00662nam a22002297a 4500 | ||
|---|---|---|---|
| 003 | OSt | ||
| 005 | 20220924113705.0 | ||
| 006 | a|||||r|||| 00| 0 | ||
| 007 | ta | ||
| 008 | Pun | ||
| 024 | _a235213 | ||
| 037 | _cGeneral Books | ||
| 040 |
_aARTS _cARTS _bPun |
||
| 041 |
_2Pun _aPun |
||
| 082 | _aw1,N3, 153K3 | ||
| 100 | _aਸੁਜਾਨ ਸਿੰਘ, ਥਦ। | ||
| 245 | 0 | _aਧਰਤੀ ਦੇ ਲਾਲ | |
| 260 |
_aਚੰਡੀਗੜ੍ਰ _b ਪੰਜਾਬ ਯੁਨੀਵਰਸਿਟੀ _c1965 |
||
| 300 | _a168ਪੰ | ||
| 942 |
_hw1,N3, 153K3 _cGB _2CC |
||
| 999 |
_c390469 _d390469 |
||